|
|
|
|
| LEADER |
00000nam0a2200000 4500 |
| 001 |
165871 |
| 005 |
20231031161945.0 |
| 010 |
|
|
|a 5268007793
|
| 020 |
|
|
|a RU
|b 90-67581
|
| 035 |
|
|
|a (RuTPU)RU\TPU\book\179934
|
| 090 |
|
|
|a 165871
|
| 100 |
|
|
|a 20090923d1990 c y0rusy5003 ca
|
| 101 |
0 |
|
|a rus
|
| 102 |
|
|
|a RU
|
| 105 |
|
|
|a a z 000ay
|
| 200 |
1 |
|
|a Праздник непослушания
|e для младшего школьного возраста
|f С. В. Михалков
|g худож. В. И. Суриков
|
| 210 |
|
|
|a Москва
|c Советская Россия
|d 1990
|
| 215 |
|
|
|a 93,[2] с.
|c цв. ил.
|d 25 см
|
| 610 |
1 |
|
|a Сказки русские советские
|
| 610 |
1 |
|
|a детская литература
|
| 675 |
|
|
|a Р2
|z rus
|
| 700 |
|
1 |
|a Михалков
|b С. В.
|g Сергей Владимирович
|4 070
|
| 702 |
|
1 |
|a Суриков
|b В. И.
|4 440
|
| 801 |
|
0 |
|a RU
|b RuMRKP
|c 19950417
|g psbo
|
| 801 |
|
1 |
|a RU
|b 63413507
|c 20090923
|
| 801 |
|
2 |
|a RU
|b 63413507
|c 20090923
|g RCR
|
| 942 |
|
|
|c BK
|